- Moyes, Christopher D.
Entry Nombre personal
001 - NÚMERO DE CONTROL
- campo de control: 1251
003 - IDENTIFICADOR DE NÚMERO DE CONTROL
- campo de control: DLC
005 - FECHA Y HORA DE LA ÚLTIMA TRANSACCIÓN
- campo de control: 20230629134315.0
008 - ELEMENTOS DE DATO DE LONGITUD-FIJA
- campo de control de longitud fija: 050609n| azannaabn |a aaa
010 ## - NÚMERO DE CONTROL DE LA BIBLIOTECA DEL CONGRESO
- Número de control de LC: n 2005042481
016 ## - NÚMERO DE CONTROL DE UNA AGENCIA BIBLIOGRÁFICA NACIONAL
- Número de control del registro: 0056G4196E
035 ## - NÚMERO DE CONTROL DEL SISTEMA
- Número de control de sistema: (OCoLC)oca06655080
040 ## - FUENTE DE CATALOGACIÓN
- Centro catalogador/agencia de origen: DLC
- Lengua de catalogación: eng
- Normas de descripción: rda
- Centro/agencia transcriptor: DLC
- Centro/agencia modificador: CaQMG
- Centro/agencia modificador: CaOONL
042 ## - CÓDIGO DE AUTENTICACIÓN
- Código de autenticación: nlc
046 ## - FECHAS CON CODIFICACIÓN ESPECIAL
- Fecha de nacimiento: 1960
- Fuente del esquema de fecha: edtf
100 1# - ENCABEZAMIENTO-NOMBRE DE PERSONA
- Nombre de persona: Moyes, Christopher D.
370 ## - LUGAR ASOCIADO
- País asociado: Canada
- Otro lugar asociado: Kingston (Ont.)
- Fuente del término: naf
372 ## - CAMPO DE ACTIVIDAD
- Campo de actividad: Zoology
- Campo de actividad: Biochemistry
- Campo de actividad: Physiology
- Campo de actividad: Physiology, Comparative
- Fuente del término: lcsh
373 ## - GRUPO ASOCIADO
- Grupo asociado: Queen's University (Kingston, Ont.)
- Fuente del término: naf
374 ## - OCUPACIÓN
- Ocupación: Zoologists
- Ocupación: Biochemists
- Ocupación: College teachers
- Fuente del término: lcsh
375 ## - GÉNERO/SEXO
- Género: Males
- Fuente del término: lcdgt
377 ## - IDIOMA ASOCIADO
- Código del idioma: eng
378 ## - FORMA COMPLETA/DESARROLLADA DEL NOMBRE
- Forma completa/desarrollada del nombre: Christopher Douglas
400 1# - TRAZADO DE VÉASE--NOMBRE DE PERSONA
- Nombre de persona: Moyes, Christopher D.,
- Fechas asociadas al nombre: 1960-
400 1# - TRAZADO DE VÉASE--NOMBRE DE PERSONA
- Nombre de persona: Moyes, Christopher Douglas,
- Fechas asociadas al nombre: 1960-
670 ## - FUENTE DE DATOS ENCONTRADOS
- Cita de la fuente: Moyes, Christopher D. Animal physiology, c2006:
- Información encontrada: ECIP t.p. (Christopher D. Moyes, PhD, Queen's University)
670 ## - FUENTE DE DATOS ENCONTRADOS
- Cita de la fuente: LAC in VIAF, October 28, 2018
- Información encontrada: (authorized access point: Moyes, Christopher D., 1960- ; variant access point: Moyes, Christopher Douglas; other information: Canadian)
670 ## - FUENTE DE DATOS ENCONTRADOS
- Cita de la fuente: Queen's University Biology Department, October 28, 2018:
- Información encontrada: Professors (Chris Moyes, Professor of Comparative biochemistry; teaching spans cell biology, biochemistry and animal physiology)